| 000 | 00623nam a2200205Ia 4500 | ||
|---|---|---|---|
| 003 | GCL | ||
| 008 | 140319s9999 xx 000 0 ara d | ||
| 040 |
_aGCL / _cGCL |
||
| 082 | 0 | 4 |
_aط _b372.241 _bس و |
| 100 | 1 | _aشركة سفير | |
| 245 | 1 | 0 |
_aالقراءة العربية للصف الثانى الابتدائى / _cشركة سفير |
| 260 |
_a[S.N] : _bشركة سفير ، _c1988 |
||
| 300 | _a96 ص | ||
| 490 |
_aواجبى _v0 |
||
| 650 | 0 | 4 | _aالاطفال |
| 650 | 0 | 4 | _aرياض الاطفال |
| 650 | 0 | 4 | _aتعليم الاطفال |
| 650 | 0 | 4 | _aالتعليم الابتدائى |
| 942 |
_2ddc _cBK |
||
| 999 |
_c58222 _d58222 |
||